[Event "NM for klubblag"]
[Site "Drammen"]
[Date "2010.10.09"]
[Round "4"]
[White "Chikwati, Elvis"]
[Black "Bratsberg, Lars Ivar"]
[Result "1/2-1/2"]
[WhiteElo "1341"]
[BlackElo "1152"]
[PlyCount "49"]
[EventDate "2010.10.08"]
[WhiteTeam "Akademisk SK 2"]
[BlackTeam "Kristiansand Sjakklubb"]

1. d4 d5 2. e3 Nf6 3. Bd3 g6 4. Nf3 Bg7 5. b3 O-O 6. Bb2 Bd7 7. Nbd2 Nc6 8. a3
Re8 9. O-O Bg4 10. c4 e5 11. dxe5 Nxe5 12. Be2 Nxf3+ 13. Bxf3 Bxf3 14. Qxf3 Ne4
15. Nxe4 Bxb2 16. cxd5 Bxa1 17. Rxa1 Kg7 18. Rd1 Qe7 19. Rd4 Rad8 20. b4 b6 21.
h3 Qe5 22. Ng3 f5 23. h4 Rd7 24. Ne2 Red8 25. Nf4 1/2-1/2

[Event "NM for klubblag"]
[Site "Drammen"]
[Date "2010.10.09"]
[Round "4"]
[White "Rathan, Raksha"]
[Black "Hauge, Lars Oscar"]
[Result "0-1"]
[WhiteElo "1445"]
[BlackElo "1812"]
[PlyCount "94"]
[EventDate "2010.10.08"]
[WhiteTeam "OSS 6"]
[BlackTeam "OSS 4"]

1. d4 Nf6 2. c4 c5 3. Nf3 g6 4. Bf4 cxd4 5. Bxb8 Rxb8 6. Nxd4 Bg7 7. Nc3 O-O 8.
e3 a6 9. Be2 d6 10. O-O Bd7 11. Bf3 Re8 12. Be2 Bc6 13. Rb1 e5 14. Nxc6 bxc6
15. Qa4 Qc7 16. Rfd1 Bf8 17. Qc2 a5 18. Bf3 Rbd8 19. Rd2 Nd7 20. Rbd1 f5 21. e4
f4 22. a3 Nc5 23. Na4 Ne6 24. Qc1 Nd4 25. Rd3 g5 26. Nc3 Qf7 27. Ne2 Ne6 28. h3
h5 29. Nc3 Nc5 30. R3d2 Nb3 31. Qc2 Nxd2 32. Rxd2 Re6 33. Qd1 Rh6 34. Qa4 Qc7
35. Qd1 Qh7 36. Qa4 g4 37. Qxa5 Rd7 38. Be2 gxh3 39. Bf3 hxg2 40. Bxg2 Rg7 41.
f3 h4 42. Kf1 h3 43. Bh1 h2 44. Ne2 Rg1+ 45. Nxg1 hxg1=Q+ 46. Kxg1 Rxh1+ 47.
Kf2 Qh2# 0-1

[Event "NM for klubblag"]
[Site "Drammen"]
[Date "2010.10.09"]
[Round "4"]
[White "Suntharalingam, Jathavan"]
[Black "Suntharalingam, Jarani"]
[Result "1-0"]
[WhiteElo "1751"]
[BlackElo "1385"]
[PlyCount "59"]
[EventDate "2010.10.08"]
[WhiteTeam "OSS 4"]
[BlackTeam "OSS 6"]

1. e4 c5 2. Nf3 e6 3. d4 cxd4 4. Nxd4 Nf6 5. Nc3 Bb4 6. e5 Nd5 7. Qg4 Nxc3 8.
a3 Nd5+ 9. axb4 Rg8 10. Bd3 g6 11. Nb5 Nc6 12. Nd6+ Kf8 13. Bh6+ Ke7 14. Qg3
Qb6 15. O-O Nxe5 16. Nxc8+ Raxc8 17. Qxe5 f6 18. Qe4 g5 19. Qxh7+ Kd6 20. c4
Nxb4 21. Rad1 Kc7 22. Be4 Rcd8 23. c5 Qa6 24. Qe7 f5 25. Bf3 Rh8 26. Bxg5 Kc8
27. Ra1 Qc4 28. Rxa7 Nc6 29. Ra8+ Nb8 30. Qd6 1-0

[Event "NM for klubblag"]
[Site "Drammen"]
[Date "2010.10.09"]
[Round "4"]
[White "Rødsmoen, Maud"]
[Black "Riiser, Samuel"]
[Result "0-1"]
[WhiteElo "1358"]
[BlackElo "1526"]
[PlyCount "80"]
[EventDate "2010.10.08"]
[WhiteTeam "OSS 6"]
[BlackTeam "OSS 4"]

1. e4 c5 2. Nf3 d6 3. d4 cxd4 4. Nxd4 Nf6 5. Nc3 a6 6. Bc4 Nbd7 7. O-O Qc7 8.
Bb3 Nc5 9. Re1 e6 10. Bg5 Be7 11. Qd2 O-O 12. Re3 h6 13. Bh4 b5 14. a3 Bb7 15.
f3 Rad8 16. Rae1 Nxb3 17. Nxb3 Nxe4 18. Rxe4 Bxe4 19. Rxe4 d5 20. Rg4 f5 21.
Bxe7 Qxe7 22. Rg3 Qa7+ 23. Kh1 Kh7 24. Nd4 Qb6 25. Qf4 Qd6 26. Qe3 e5 27. Qd3
exd4 28. Qxd4 Rf7 29. Ne2 Qf6 30. Qb4 Re7 31. Nd4 Rde8 32. Rh3 f4 33. Nb3 Qe5
34. Rxh6+ Kxh6 35. g4 Qe1+ 36. Qxe1 Rxe1+ 37. Kg2 R8e2+ 38. Kh3 Rh1 39. g5+
Kxg5 40. Nd2 Rexh2# 0-1

[Event "NM for klubblag"]
[Site "Drammen"]
[Date "2010.10.09"]
[Round "4"]
[White "Anderson, Ludvig"]
[Black "Gholami, Anita"]
[Result "0-1"]
[WhiteElo "1051"]
[BlackElo "887"]
[PlyCount "30"]
[EventDate "2010.10.08"]
[WhiteTeam "OSS 4"]
[BlackTeam "OSS 6"]

1. e4 e6 2. d4 d5 3. e5 c5 4. c3 Nc6 5. Nf3 Qb6 6. a4 Nge7 7. a5 Nxa5 8. b4
cxb4 9. cxb4 Nac6 10. Bb5 Qxb5 11. Nc3 Qxb4 12. Bd2 Nxd4 13. Nxd5 Nxf3+ 14.
Qxf3 Qc5 15. Nc3 Qxe5+ 0-1

[Event "NM for klubblag"]
[Site "Drammen"]
[Date "2010.10.09"]
[Round "4"]
[White "Jensen, Arvid"]
[Black "Taksrud, Vidar"]
[Result "0-1"]
[WhiteElo "1232"]
[BlackElo "2025"]
[PlyCount "76"]
[EventDate "2010.10.08"]
[WhiteTeam "Konnerud Sjakklubb"]
[BlackTeam "SK Tempo (Drammen)"]

1. e4 d5 2. e5 Bf5 3. f4 e6 4. Nf3 c5 5. d3 Nc6 6. Be2 Be7 7. Be3 d4 8. Bf2 Qb6
9. Qc1 h6 10. Nbd2 Qc7 11. Nb3 f6 12. exf6 Nxf6 13. h3 Nd5 14. Qd2 Qxf4 15. g4
Bh7 16. O-O-O e5 17. Rhg1 Qxd2+ 18. Nbxd2 Nf4 19. Bf1 O-O 20. Nc4 Nxh3 21. Bxh3
Rxf3 22. Bg3 Bg5+ 23. Kb1 b5 24. Nd2 Bxd2 25. Rxd2 Raf8 26. Rdd1 c4 27. Bh4
cxd3 28. Bg2 dxc2+ 29. Ka1 cxd1=Q+ 30. Rxd1 Nb4 31. a3 Nc2+ 32. Ka2 b4 33. Bxf3
Rxf3 34. axb4 Nxb4+ 35. Ka1 a5 36. Be7 Bc2 37. Re1 Bb3 38. Bd6 Nc2+ 0-1

[Event "NM for klubblag"]
[Site "Drammen"]
[Date "2010.10.09"]
[Round "4"]
[White "Skjold, Reidar"]
[Black "Nilsen, Helmer"]
[Result "1-0"]
[WhiteElo "1490"]
[BlackElo "1152"]
[PlyCount "23"]
[EventDate "2010.10.08"]
[WhiteTeam "SK Tempo (Drammen)"]
[BlackTeam "Konnerud Sjakklubb"]

1. e4 c5 2. Nf3 Nc6 3. d4 cxd4 4. Nxd4 d6 5. Nc3 Nf6 6. Be2 g6 7. Bg5 Bg7 8.
Qd2 Nxe4 9. Nxc6 Qb6 10. Nxe4 Qxb2 11. O-O bxc6 12. Nxd6+ 1-0

[Event "NM for klubblag"]
[Site "Drammen"]
[Date "2010.10.09"]
[Round "4"]
[White "Flemseter, Egil"]
[Black "Christiansen, Steinar"]
[Result "0-1"]
[WhiteElo "1183"]
[BlackElo "1124"]
[PlyCount "101"]
[EventDate "2010.10.08"]
[WhiteTeam "Konnerud Sjakklubb"]
[BlackTeam "SK Tempo (Drammen)"]

1. e4 e5 2. Nf3 Nc6 3. Bc4 Bc5 4. d3 h6 5. O-O d6 6. h3 Nf6 7. Nc3 a6 8. Nd5
Nd4 9. Nxd4 Bxd4 10. c3 Ba7 11. Qf3 O-O 12. Nxf6+ Qxf6 13. Qxf6 gxf6 14. Bxh6
Re8 15. Kh2 Be6 16. Bxe6 fxe6 17. Bd2 Re7 18. f4 Rf8 19. fxe5 dxe5 20. Rf3 Rh7
21. Raf1 Bc5 22. Rxf6 Be7 23. Rxf8+ Bxf8 24. Bg5 Bh6 25. Bf6 Rf7 26. Kg1 Bf4
27. Bh4 Bh2+ 28. Kxh2 Rxf1 29. Bg3 b5 30. Bxe5 c6 31. b4 Rd1 32. d4 Re1 33. Kg3
Rxe4 34. Kf3 Re1 35. Bg3 Ra1 36. Bf4 Rxa2 37. Ke3 Rxg2 38. h4 Kf7 39. Bg5 Kg6
40. Kd3 Kf5 41. Ke3 Rg3+ 42. Kd2 Rxg5 43. hxg5 Kxg5 44. Ke2 Kf6 45. Kf3 e5 46.
dxe5+ Kxe5 47. Ke3 Kd5 48. Kd3 c5 49. Kc2 cxb4 50. Kb3 bxc3 51. Kxc3 0-1

[Event "NM for klubblag"]
[Site "Drammen"]
[Date "2010.10.09"]
[Round "4"]
[White "Dramdal, Rolf"]
[Black "Løvaas, Roger"]
[Result "0-1"]
[WhiteElo "997"]
[BlackElo "1158"]
[PlyCount "72"]
[EventDate "2010.10.08"]
[WhiteTeam "SK Tempo (Drammen)"]
[BlackTeam "Konnerud Sjakklubb"]

1. c4 e5 2. Nc3 Nf6 3. e4 Nc6 4. a3 Bc5 5. Nf3 O-O 6. h3 d6 7. Nd5 Re8 8. d3
Nxd5 9. cxd5 Nd4 10. Be3 Qf6 11. b4 Bb6 12. Nxd4 Bxd4 13. Rc1 Bxe3 14. fxe3 Qe7
15. Be2 a5 16. O-O Qg5 17. Bg4 Bxg4 18. Rf5 Bxf5 19. exf5 Qxe3+ 20. Kh2 axb4
21. axb4 Qf4+ 22. Kh1 Qxf5 23. Rxc7 Rab8 24. g4 Qf4 25. Rc4 Qg3 26. Qf1 Rec8
27. b5 Rxc4 28. dxc4 e4 29. c5 Qf3+ 30. Qxf3 exf3 31. Kg1 dxc5 32. Kf2 Rd8 33.
Kxf3 Rxd5 34. Ke4 Rd1 35. Ke5 c4 36. Ke4 c3 0-1

[Event "NM for klubblag"]
[Site "Drammen"]
[Date "2010.10.09"]
[Round "4"]
[White "Dahl, Ivar M"]
[Black "Jørgensen, Line Jin"]
[Result "1-0"]
[WhiteElo "2024"]
[BlackElo "1799"]
[PlyCount "115"]
[EventDate "2010.10.08"]
[WhiteTeam "Bærum Schakselskap"]
[BlackTeam "Sevland Sjakklubb"]

1. Nf3 d5 2. g3 Nf6 3. Bg2 e6 4. O-O Bd6 5. d4 O-O 6. b3 Nbd7 7. Bb2 c6 8. c4
Re8 9. Nbd2 Nf8 10. Qc2 Ng6 11. e4 dxe4 12. Nxe4 Nxe4 13. Qxe4 Qc7 14. Rfe1 Bd7
15. h4 f5 16. Qe2 c5 17. h5 Nf8 18. Ne5 cxd4 19. Bxd4 Bb4 20. Red1 Rad8 21. Qe3
b6 22. Rd3 Bc8 23. Nc6 Rxd4 24. Nxd4 Bc5 25. Nb5 {[%emt 0:00:00]} Qe7 26. Qd2
Bb4 27. Qd1 e5 28. Nd6 e4 29. Nxc8 Rxc8 30. Rd5 e3 31. fxe3 Qxe3+ 32. Kh2 f4
33. Qf3 Ne6 34. gxf4 Qxf4+ 35. Qxf4 Nxf4 36. Rd7 Nxh5 37. Bd5+ Kh8 38. Rxa7
Bd6+ 39. Kg2 Nf4+ 40. Kf3 Nxd5 41. cxd5 Rf8+ 42. Ke4 g6 43. Rd7 Re8+ 44. Kd3
Bc5 45. Rf1 Re3+ 46. Kc4 Re2 47. Rff7 Kg8 48. Rg7+ Kf8 49. Rxh7 Kg8 50. Rdg7+
Kf8 51. Ra7 Kg8 52. Kb5 Re5 53. Rag7+ Kf8 54. Kc6 g5 55. Rg6 Be3 56. d6 Rc5+
57. Kb7 g4 58. Rxg4 1-0

[Event "NM for klubblag"]
[Site "Drammen"]
[Date "2010.10.09"]
[Round "4"]
[White "Sevland, Rune K"]
[Black "Rambø, Jan-Bjarne"]
[Result "1-0"]
[WhiteElo "1506"]
[BlackElo "1612"]
[PlyCount "129"]
[EventDate "2010.10.08"]
[WhiteTeam "Sevland Sjakklubb"]
[BlackTeam "Bærum Schakselskap"]

1. d4 Nf6 2. Nf3 e6 3. Bg5 Be7 4. Nbd2 d5 5. e3 O-O 6. Bd3 Nbd7 7. O-O c5 8. c4
cxd4 9. Nxd4 dxc4 10. Nxc4 Nd5 11. Qh5 g6 12. Bxe7 Qxe7 13. Qe2 e5 14. Be4 N5f6
15. Qf3 Nc5 16. Nf5 gxf5 17. Bxf5 e4 18. Qg3+ Kh8 19. Bxc8 Raxc8 20. Nd6 Rg8
21. Nxc8 Qe6 22. Qd6 Rxc8 23. Qxe6 Nxe6 24. Rac1 Re8 25. Rfd1 Kg8 26. h3 Kf8
27. Rd6 Ke7 28. Rcd1 Nc5 29. f3 b6 30. b4 Nb7 31. Rc6 Rb8 32. Rc7+ Ke6 33. Rc6+
Ke7 34. fxe4 Nxe4 35. Rc7+ Ke6 36. Rdd7 Ned6 37. Re7+ Kf6 38. e4 Nb5 39. Rxf7+
Ke6 40. Rxb7 Rc8 41. Rbe7+ Kd6 42. e5+ Kd5 43. Rf2 Nd4 44. Rd2 Ke4 45. Rxh7 Ke3
46. Rxd4 Kxd4 47. Rxa7 Kxe5 48. Rb7 Rc6 49. a4 Kf4 50. Kh2 Ke3 51. a5 bxa5 52.
bxa5 Kf2 53. Rb6 Rc5 54. a6 Ra5 55. Rf6+ Ke3 56. h4 Ke4 57. Kh3 Ke5 58. Rb6 Kf5
59. g4+ Kf4 60. h5 Ra3+ 61. Kh4 Ra1 62. Rf6+ Ke5 63. Kg5 Ra2 64. h6 Rh2 65. a7
1-0

[Event "NM for klubblag"]
[Site "Drammen"]
[Date "2010.10.09"]
[Round "4"]
[White "Bergersen, Per A"]
[Black "Sevland, Knut Normann"]
[Result "1-0"]
[WhiteElo "1572"]
[BlackElo "1107"]
[PlyCount "67"]
[EventDate "2010.10.08"]
[WhiteTeam "Bærum Schakselskap"]
[BlackTeam "Sevland Sjakklubb"]

1. Nf3 d6 2. d4 Bg4 3. c4 e6 4. Qb3 Qc8 5. e4 Bxf3 6. gxf3 c6 7. Nc3 g6 8. Be3
Bg7 9. Bh3 Qc7 10. O-O-O Ne7 11. Kb1 O-O 12. Rc1 Nd7 13. f4 Qb6 14. Qxb6 axb6
15. d5 Bxc3 16. Rxc3 Nf6 17. f3 exd5 18. cxd5 b5 19. dxc6 bxc6 20. f5 Ra6 21.
Bg5 Kg7 22. Rd1 Rfa8 23. Rxd6 Nfg8 24. f6+ Kf8 25. fxe7+ Nxe7 26. Bxe7+ Kxe7
27. Rcxc6 Rxa2 28. Rd7+ Kf8 29. Rcc7 Kg7 30. Rxf7+ Kh6 31. Rxh7+ Kg5 32. Be6
R2a6 33. Rcf7 Rxe6 34. h4# 1-0

[Event "NM for klubblag"]
[Site "Drammen"]
[Date "2010.10.09"]
[Round "4"]
[White "Kloster, Ole Jonny"]
[Black "Ekeberg, Øyvind"]
[Result "1-0"]
[WhiteElo "1614"]
[BlackElo "1203"]
[PlyCount "79"]
[EventDate "2010.10.08"]
[WhiteTeam "Sevland Sjakklubb"]
[BlackTeam "Bærum Schakselskap"]

1. d4 Nf6 2. e3 g6 3. Bd3 Bg7 4. Nd2 O-O 5. c3 d6 6. Ne2 Nc6 7. e4 e5 8. d5 Ne7
9. O-O Nh5 10. Qc2 Nf4 11. Nxf4 exf4 12. Nf3 Bg4 13. Bxf4 Bxf3 14. gxf3 f5 15.
Bg5 h6 16. Bxe7 Qxe7 17. exf5 Qg5+ 18. Kh1 Qh5 19. Be2 Rxf5 20. Rg1 Raf8 21.
Rg2 g5 22. Rag1 Qh4 23. c4 Be5 24. c5 Rf4 25. Qg6+ Bg7 26. Bd3 R8f6 27. Qe8+
Rf8 28. Qe6+ Kh8 29. Qg6 Kg8 30. Re1 R4f6 31. Qh7+ Kf7 32. cxd6 Rxd6 33. Bf5
Qd4 34. Be6+ Rxe6 35. dxe6+ Ke7 36. Qc2 c6 37. Rd1 Qe5 38. Qg6 Qf6 39. Rd7+
Kxe6 40. Rxg7 1-0

[Event "NM for klubblag"]
[Site "Drammen"]
[Date "2010.10.09"]
[Round "4"]
[White "Haug, Johannes"]
[Black "Mihailov, Sebastian"]
[Result "1/2-1/2"]
[WhiteElo "1505"]
[BlackElo "1755"]
[PlyCount "32"]
[EventDate "2010.10.08"]
[WhiteTeam "Nordstrand SK 3"]
[BlackTeam "OSS 5"]

1. e4 e5 2. Nf3 Nc6 3. Bb5 a6 4. Bxc6 dxc6 5. O-O f6 6. d4 exd4 7. Nxd4 c5 8.
Nf3 Qxd1 9. Rxd1 Bd7 10. Nc3 Bd6 11. Be3 Ne7 12. e5 fxe5 13. Ne4 Nf5 14. Bxc5
Bc6 15. Nxd6+ cxd6 16. Bxd6 Bxf3 1/2-1/2

[Event "NM for klubblag"]
[Site "Drammen"]
[Date "2010.10.09"]
[Round "4"]
[White "Gholami, Armin"]
[Black "Abrahamsen, Knut"]
[Result "1-0"]
[WhiteElo "1685"]
[BlackElo "1426"]
[PlyCount "57"]
[EventDate "2010.10.08"]
[WhiteTeam "OSS 5"]
[BlackTeam "Nordstrand SK 3"]

1. d4 Nf6 2. c4 g6 3. f3 Bg7 4. e4 d6 5. Nc3 O-O 6. Be3 c6 7. Bd3 Nbd7 8. Nge2
e5 9. d5 cxd5 10. cxd5 a6 11. O-O b5 12. a3 Bb7 13. b4 Rc8 14. Rc1 Nb6 15. a4
bxa4 16. Nxa4 Rxc1 17. Nxc1 Nxa4 18. Qxa4 Qd7 19. Qxd7 Nxd7 20. b5 axb5 21.
Bxb5 Nb8 22. Nd3 f5 23. Rb1 fxe4 24. fxe4 Bf6 25. Bc4 Rf7 26. Ba7 Na6 27. Rb6
Bg5 28. Rxd6 Nc7 29. Nxe5 1-0

[Event "NM for klubblag"]
[Site "Drammen"]
[Date "2010.10.09"]
[Round "4"]
[White "Berntsen, Eivind Sæteren"]
[Black "Olsen, Ulrik"]
[Result "1/2-1/2"]
[WhiteElo "1238"]
[BlackElo "1292"]
[PlyCount "81"]
[EventDate "2010.10.08"]
[WhiteTeam "Nordstrand SK 3"]
[BlackTeam "OSS 5"]

1. f4 d5 2. Nf3 Nf6 3. e3 e6 4. Be2 Bd6 5. O-O O-O 6. b3 c5 7. Bb2 Nc6 8. a4
Bd7 9. Ne5 Re8 10. Nxd7 Nxd7 11. Nc3 a6 12. Bd3 f5 13. Ne2 Qb6 14. g4 c4 15.
bxc4 Qxb2 16. cxd5 exd5 17. Bxf5 Rad8 18. Rb1 Qf6 19. Rxb7 Nc5 20. Rb1 Nxa4 21.
Ng3 g6 22. g5 Qf7 23. Bg4 Nc5 24. h4 Ne4 25. Nxe4 Rxe4 26. Rb6 Qc7 27. Rxa6 Nb4
28. Ra3 Qxc2 29. Qxc2 Nxc2 30. Rc3 Nb4 31. h5 gxh5 32. Bxh5 Rc4 33. Bg4 Kf7 34.
Bf3 Rdc8 35. Rfc1 Ke7 36. Rxc4 Rxc4 37. Rxc4 dxc4 38. Be4 Nd3 39. Bxh7 Kf8 40.
Kf1 Nxf4 41. exf4 1/2-1/2

[Event "NM for klubblag"]
[Site "Drammen"]
[Date "2010.10.09"]
[Round "4"]
[White "Grønn, Eskil Ekeland"]
[Black "Braathen, Didrik"]
[Result "0-1"]
[WhiteElo "1068"]
[BlackElo "1070"]
[PlyCount "124"]
[EventDate "2010.10.08"]
[WhiteTeam "OSS 5"]
[BlackTeam "Nordstrand SK 3"]

1. Nf3 d6 2. c4 g6 3. d4 Bg7 4. e4 Bg4 5. Be2 Nd7 6. h3 Bxf3 7. Bxf3 Ngf6 8.
Nc3 O-O 9. Bg5 c5 10. d5 Ne5 11. Be2 Nfd7 12. f4 h6 13. Bh4 g5 14. fxg5 hxg5
15. Bxg5 Nb6 16. Qb3 f6 17. Bf4 Qe8 18. O-O-O Qg6 19. Bxe5 fxe5 20. g4 Rf2 21.
Rdf1 Raf8 22. Qd1 Nd7 23. Rxf2 Rxf2 24. Qe1 Rf4 25. Rf1 Bh6 26. Rxf4 Bxf4+ 27.
Kc2 Nf6 28. Bf3 Qh6 29. Qf1 Qh4 30. Qg2 Nh7 31. Ne2 Qe1 32. Nxf4 exf4 33. a3
Qe3 34. h4 Qd4 35. b3 Qa1 36. a4 Qa2+ 37. Kc3 Qa1+ 38. Qb2 Qe1+ 39. Qd2 Qa1+
40. Kd3 Qb1+ 41. Ke2 Qxb3 42. Kf2 Qxc4 43. Qxf4 Qd4+ 44. Kg2 Qb2+ 45. Kh3 c4
46. g5 c3 47. g6 Nf6 48. Qf5 c2 49. Qe6+ Kg7 50. Qxe7+ Kxg6 51. h5+ Kg5 52.
Qxd6 Nxh5 53. Bxh5 Kxh5 54. Qg3 c1=Q 55. Qg4+ Kh6 56. Qe6+ Kh7 57. Qf5+ Kg8 58.
Qe6+ Kf8 59. Qf5+ Ke7 60. Qh7+ Kd6 61. e5+ Qxe5 62. Qh6+ Qxh6+ 0-1

[Event "NM for klubblag"]
[Site "Drammen"]
[Date "2010.10.10"]
[Round "5"]
[White "Daskevics, Vadims"]
[Black "Berg, Emanuel"]
[Result "0-1"]
[WhiteElo "2379"]
[BlackElo "2550"]
[PlyCount "66"]
[EventDate "2010.10.08"]
[WhiteTeam "Stavanger SK 1"]
[BlackTeam "Oslo Schakselskap 1"]

1. Nf3 Nf6 2. c4 g6 3. g3 Bg7 4. Bg2 c5 5. Nc3 O-O 6. d4 cxd4 7. Nxd4 Qc7 8.
O-O Qxc4 9. Bg5 h6 10. Bf4 Nc6 11. Ndb5 Ne8 12. Rc1 Qb4 13. Qd2 Kh7 14. a3 Qa5
15. b4 Qd8 16. Nd5 d6 17. Be3 e6 18. Ndc3 d5 19. Bc5 Rg8 20. Rfd1 b6 21. Be3
Bb7 22. Qa2 Qe7 23. h4 Nf6 24. Bf4 Rgd8 25. e4 d4 26. e5 Nxe5 27. Bxb7 Qxb7 28.
Bxe5 dxc3 29. Nd6 Qe7 30. Qe2 Rd7 31. Rxc3 Nd5 32. Bxg7 Qxd6 33. Be5 Nxc3 0-1

[Event "NM for klubblag"]
[Site "Drammen"]
[Date "2010.10.10"]
[Round "5"]
[White "Johannesen, Leif Erlend"]
[Black "Løvik, Lasse Østebø"]
[Result "1-0"]
[WhiteElo "2503"]
[BlackElo "2317"]
[PlyCount "41"]
[EventDate "2010.10.08"]
[WhiteTeam "Oslo Schakselskap 1"]
[BlackTeam "Stavanger SK 1"]

1. d4 d5 2. c4 e6 3. Nc3 Be7 4. cxd5 exd5 5. Bf4 Nf6 6. e3 Bf5 7. Nge2 O-O 8.
Ng3 Bg6 9. h4 h6 10. h5 Bh7 11. Bd3 Qd7 12. Qc2 Bxd3 13. Qxd3 Bd6 14. Be5 Re8
15. f4 Ng4 16. Nf5 Nxe5 17. dxe5 Bb4 18. O-O-O Bxc3 19. bxc3 Na6 20. e4 Qa4 21.
Qg3 1-0

[Event "NM for klubblag"]
[Site "Drammen"]
[Date "2010.10.10"]
[Round "5"]
[White "Moen, Ole Christian"]
[Black "Strand, Håkon"]
[Result "1/2-1/2"]
[WhiteElo "2211"]
[BlackElo "2099"]
[PlyCount "89"]
[EventDate "2010.10.08"]
[WhiteTeam "Oslo Schakselskap 1"]
[BlackTeam "Stavanger SK 1"]

1. c4 Nf6 2. Nc3 e6 3. e3 b6 4. Nf3 Bb7 5. Be2 c5 6. O-O Be7 7. d4 cxd4 8. exd4
d5 9. b3 O-O 10. Be3 Nbd7 11. Rc1 Rc8 12. h3 Re8 13. Bf4 Nf8 14. Ne5 Ng6 15.
Nxg6 hxg6 16. Bf3 Qd7 17. cxd5 Nxd5 18. Nxd5 Bxd5 19. Be3 Rxc1 20. Bxc1 Rd8 21.
Be3 Bf6 22. Bxd5 Qxd5 23. Qe2 Bxd4 24. Rd1 e5 25. Rd3 Rd6 26. Qg4 Qc5 27. Qd1
Qa5 28. Bxd4 exd4 29. Rxd4 Re6 30. Rd8+ Kh7 31. Qd4 Qe1+ 32. Kh2 Re4 33. Qd5
Re6 34. Qa8 g5 35. Rh8+ Kg6 36. Qf3 Qe2 37. Qg3 Qe5 38. Ra8 Qxg3+ 39. Kxg3 a5
40. Kf3 Rc6 41. Ra6 f6 42. Ke3 Rc2 43. Rxb6 Rxa2 44. Rb5 a4 45. bxa4 1/2-1/2

[Event "NM for klubblag"]
[Site "Drammen"]
[Date "2010.10.10"]
[Round "5"]
[White "Kovachev, Daniel Jakobseb"]
[Black "Urkedal, Frode Olav Olsen"]
[Result "1/2-1/2"]
[WhiteElo "2315"]
[BlackElo "2424"]
[PlyCount "106"]
[EventDate "2010.10.08"]
[WhiteTeam "OSS 2"]
[BlackTeam "Schakklubben av 1911"]

1. e4 c5 2. Nf3 d6 3. Bb5+ Bd7 4. Bxd7+ Qxd7 5. c4 Nf6 6. Nc3 g6 7. d4 cxd4 8.
Nxd4 Bg7 9. h3 Nc6 10. Be3 O-O 11. O-O Nxd4 12. Bxd4 Qc6 13. Qd3 e6 14. Rfd1
Rfd8 15. Rac1 a6 16. b3 Rac8 17. a4 Qc7 18. Qe3 Nd7 19. Bxg7 Kxg7 20. Qd4+ Nf6
21. Rd3 e5 22. Qe3 Qc5 23. Qf3 b5 24. axb5 axb5 25. cxb5 Nh5 26. g3 Qb4 27. Rb1
Rd7 28. Kg2 Ra7 29. Qe3 Ra3 30. b6 Nf6 31. Qf3 Ra5 32. Rbd1 Rc6 33. b7 Qxb7 34.
Rxd6 Rxd6 35. Rxd6 Qe7 36. Rb6 h5 37. h4 Ra1 38. Qd3 Ng4 39. Qc4 Qa7 40. Qb5
Rc1 41. Na4 Rc2 42. Kg1 Qc7 43. Rb7 Rc1+ 44. Kg2 Qc2 45. Rxf7+ Kxf7 46. Qd7+
Kg8 47. Qe8+ Kg7 48. Qe7+ Kh6 49. Qg5+ Kh7 50. Qe7+ Kh6 51. Qf8+ Kh7 52. Qf7+
Kh8 53. Qf8+ Kh7 1/2-1/2

[Event "NM for klubblag"]
[Site "Drammen"]
[Date "2010.10.10"]
[Round "5"]
[White "Valla, Martin"]
[Black "Bae, Torstein"]
[Result "1/2-1/2"]
[WhiteElo "2030"]
[BlackElo "2400"]
[PlyCount "127"]
[EventDate "2010.10.08"]
[WhiteTeam "OSS 2"]
[BlackTeam "Schakklubben av 1911"]

1. d4 d5 2. c4 Nc6 3. cxd5 Qxd5 4. e3 e5 5. Nc3 Bb4 6. Bd2 Bxc3 7. Bxc3 exd4 8.
Ne2 Nf6 9. Nxd4 O-O 10. Qb3 Nxd4 11. Bxd4 Qd6 12. Rd1 c5 13. Bxf6 Qxf6 14. Bc4
Rb8 15. a4 a6 16. Qc3 Qxc3+ 17. bxc3 b5 18. axb5 axb5 19. Bd5 Ba6 20. Ra1 Rb6
21. O-O Rfb8 22. Rfb1 b4 23. cxb4 cxb4 24. g3 Kf8 25. Rxb4 Rxb4 26. Rxa6 Rd8
27. Ra5 Rd7 28. Kg2 Ke7 29. e4 Rc7 30. Ra3 Rb2 31. Rf3 f6 32. h4 Rcc2 33. Bg8
h6 34. Bh7 Re2 35. Bg6 Kd6 36. h5 Ke5 37. Kf1 Kd4 38. Kg2 Re1 39. Bf5 Ra2 40.
Bg6 Ree2 41. Kf1 Rec2 42. Kg2 Rcb2 43. Bf7 Ra1 44. Bg6 Rbb1 45. Rf5 Rb7 46. Rf3
Rc1 47. Rf5 Rbc7 48. Rd5+ Kc4 49. Rf5 Re1 50. Rf3 Kd4 51. Rf4 Kc3 52. Rf3+ Kd2
53. Ra3 Rec1 54. e5 fxe5 55. Rd3+ Kc2 56. Re3+ Kb2 57. Rxe5 Kc3 58. Rd5 Re1 59.
Rd3+ Kc4 60. Rf3 Rce7 61. g4 Rd1 62. Bc2 Rd4 63. Bf5 Kd5 64. Kg3 {
Mangelfull notasjon. Remis i trekk 61.} 1/2-1/2

[Event "NM for klubblag"]
[Site "Drammen"]
[Date "2010.10.10"]
[Round "5"]
[White "Bjerke, Silje"]
[Black "Guddahl, Viggo"]
[Result "1-0"]
[WhiteElo "2185"]
[BlackElo "1966"]
[PlyCount "61"]
[EventDate "2010.10.08"]
[WhiteTeam "Schakklubben av 1911"]
[BlackTeam "OSS 2"]

1. e4 c5 2. Nf3 Nc6 3. d4 cxd4 4. Nxd4 Nf6 5. Nc3 e5 6. Ndb5 d6 7. Bg5 a6 8.
Na3 Be6 9. Bxf6 gxf6 10. Bc4 b5 11. Bxe6 fxe6 12. Qh5+ Ke7 13. Ne2 Qe8 14. Qf3
Qg6 15. O-O-O Kf7 16. Kb1 Be7 17. Qe3 Rhd8 18. f4 exf4 19. Nxf4 Qg5 20. Rhf1
Bf8 21. Qh3 Re8 22. Qxh7+ Bg7 23. Nh5 Rh8 24. Qxg7+ Qxg7 25. Nxg7 Kxg7 26. Rxd6
Ne5 27. c3 Rxh2 28. Rxe6 Rxg2 29. Rexf6 Nd3 30. R6f3 Rxb2+ 31. Ka1 1-0

[Event "NM for klubblag"]
[Site "Drammen"]
[Date "2010.10.10"]
[Round "5"]
[White "Gandrud, Vegar Koi"]
[Black "Skrondal, Inge Sandstad"]
[Result "0-1"]
[WhiteElo "2191"]
[BlackElo "2181"]
[PlyCount "108"]
[EventDate "2010.10.08"]
[WhiteTeam "Hønefoss Sjakklubb 1"]
[BlackTeam "Akademisk SK 1"]

1. d4 Nf6 2. c4 e6 3. Nf3 d5 4. g3 dxc4 5. Bg2 a6 6. a4 Nc6 7. O-O Rb8 8. Bg5
Be7 9. Qc2 b5 10. Rd1 O-O 11. b3 Nb4 12. Qb2 cxb3 13. Qxb3 bxa4 14. Qxa4 Bd7
15. Qb3 Bc6 16. Nc3 h6 17. Bxf6 Bxf6 18. Qc4 Qe7 19. Ne5 Bxg2 20. Kxg2 c5 21.
Ne4 cxd4 22. Nxf6+ gxf6 23. Ng4 e5 24. Nxh6+ Kh7 25. Nf5 Qe6 26. Qxe6 fxe6 27.
Nd6 Rfd8 28. Ne4 Kg6 29. Ra4 Rb5 30. Rb1 Nd5 31. Rba1 Nb4 32. Rb1 Nd5 33. Rba1
f5 34. Nd2 Rb2 35. R1a2 Rxa2 36. Rxa2 Ra8 37. Nc4 Kf6 38. h4 Nc3 39. Ra5 e4 40.
Kf1 Rb8 41. h5 Rb1+ 42. Kg2 Nxe2 43. h6 Rg1+ 44. Kh2 Rc1 45. h7 Kg7 46. Ne5 d3
47. Rxa6 Kxh7 48. Ra7+ Kh6 49. Re7 Rc5 50. Nf7+ Kg6 51. Nh8+ Kf6 52. Rf7+ Ke5
53. Ng6+ Kd4 54. Nf8 Rc6 0-1

[Event "NM for klubblag"]
[Site "Drammen"]
[Date "2010.10.10"]
[Round "5"]
[White "Myhrvold, Rune"]
[Black "Dulman, Egmond-Gabriel"]
[Result "1-0"]
[WhiteElo "2118"]
[BlackElo "2004"]
[PlyCount "45"]
[EventDate "2010.10.08"]
[WhiteTeam "Hønefoss Sjakklubb 1"]
[BlackTeam "Akademisk SK 1"]

1. e4 c6 2. d4 d5 3. e5 Bf5 4. Nf3 e6 5. Be2 Nd7 6. O-O h6 7. b3 c5 8. Be3 a6
9. c4 Ne7 10. Nc3 cxd4 11. Nxd4 dxc4 12. bxc4 Nxe5 13. Qa4+ Qd7 14. Ncb5 N7c6
15. Nxf5 exf5 16. Bb6 Rc8 17. Rad1 axb5 18. cxb5 Qe6 19. bxc6 bxc6 20. Rfe1 f4
21. Ba6 f6 22. Bxc8 Qxc8 23. Rd8+ 1-0

[Event "NM for klubblag"]
[Site "Drammen"]
[Date "2010.10.10"]
[Round "5"]
[White "Fredriksen, Jan Gunnar"]
[Black "Kvamme, Roy"]
[Result "0-1"]
[WhiteElo "1746"]
[BlackElo "2016"]
[PlyCount "76"]
[EventDate "2010.10.08"]
[WhiteTeam "Akademisk SK 1"]
[BlackTeam "Hønefoss Sjakklubb 1"]

1. b3 Nc6 2. c4 e5 3. Bb2 Bc5 4. e4 Nf6 5. d3 O-O 6. Be2 d6 7. Nc3 a5 8. Nf3
Ng4 9. O-O f5 10. h3 Nf6 11. Nd5 fxe4 12. Nxf6+ Qxf6 13. dxe4 Ne7 14. Bc1 Be6
15. Bg5 Qf7 16. Bh4 h6 17. Bg3 Ng6 18. Nh4 Nxh4 19. Bxh4 Qf4 20. Bg4 Bxg4 21.
Qxg4 Qxg4 22. hxg4 Rf4 23. Kh2 Rxg4 24. Bg3 Rxe4 25. Rad1 Re2 26. f4 exf4 27.
Rxf4 Rf8 28. Rg4 g5 29. Rd5 Rxa2 30. Bh4 Be3 31. c5 Bf4+ 32. Bg3 Bxg3+ 33. Rxg3
dxc5 34. Rxc5 Rf7 35. Kh3 a4 36. b4 Rb2 37. Rc4 b5 38. Rd4 Kg7 0-1